00871nam a22002537a 4500999001500000001000600015003000900021005001700030008004100047020002200088020002500110040002800135082001900163100001700182245005900199260005300258300004500311490003200356504005100388650002700439650002200466942001200488952011700500 c3689d368917982BD-DhUAP20200311103231.0200311s2010 stkab b 001 0 eng  a0748627367 (pbk.) a9780748627363 (pbk.) aUKMcUKMdBD-DhUAPbEng04223a401.43 BAK1 aBaker, Paul.10aSociolinguistics and corpus linguistics /cPaul Baker. aEdinburgh :bEdinburgh University Press,cc2010. aix, 189 pages :billustrations ;c24 cm.0 aEdinburgh sociolinguistics. aIncludes bibliographical references and index. 0aCorpora (Linguistics). 0aSociolinguistics. 2ddccBK 00102ddc4070aUAPCLbUAPCLcGeneral Stacksd2020-03-11o401.43 BAKp3010017982r2020-03-11t1w2020-03-11yBK